| 000 | 00697nam a2200205Ia 4500 | ||
|---|---|---|---|
| 008 | 220216s9999 xx 000 0 und d | ||
| 100 | _aJoseph A. | ||
| 245 | 0 | _aManagement of Colletotrichum leaf disease in young rubber plantations | |
| 260 |
_bIn: Preprints of Papers. International Natural Rubber Conference, India 2005, 6-8 November 2005, Rubber Research Institute of India, Kottayam, Kerala, India, pp. 462-465. _c2005 |
||
| 650 | _aColletotrichum | ||
| 650 | _aDisease control | ||
| 650 | _aFungicide | ||
| 650 | _aLeaf disease | ||
| 650 | _aRubber plantation | ||
| 700 | _aJacob C.K. | ||
| 700 | _aKothandaraman R. | ||
| 700 | _aManju M.J. | ||
| 700 | _aPrem E.E. | ||
| 942 | _cBS | ||
| 999 |
_c52545 _d52545 |
||